000 00248nam a22001217a 4500
008 170426b xxu||||| |||| 00| 0 eng d
041 _aeng
080 _23 ED
_a54
100 _a12
101 _aSHM
245 _aSILBERBERG,M,S
942 _2udc
_cBK
999 _c12148
_d12148